Los grandes pensadores de la política: vías críticas en filosofía política
I tiakina i:
| Kaituhi matua: | |
|---|---|
| Hōputu: | Pukapuka |
| Reo: | Pāniora |
| I whakaputaina: |
Madrid
Alianza
2008
|
| Putanga: | 1a. ed |
| Rangatū: | Ciencias Sociales, 3442
|
| Ngā marau: | |
| Ngā Tūtohu: |
Tāpirihia he Tūtohu
Kāore He Tūtohu, Me noho koe te mea tuatahi ki te tūtohu i tēnei pūkete!
|
MARC
| LEADER | 00000cam a2200000 a 4500 | ||
|---|---|---|---|
| 001 | UCD8814 | ||
| 003 | CL-VaPUC | ||
| 008 | 170527e20080000sp |||||||||||||||||spa|d | ||
| 020 | |a 9788420649276 | ||
| 082 | 0 | 4 | |a 320 |b COR |2 21 |
| 100 | 0 | |a Corcuff, Philippe |e author |9 592335 | |
| 245 | 1 | 4 | |a Los grandes pensadores de la política: vías críticas en filosofía política |
| 250 | |a 1a. ed | ||
| 300 | |a 199 p | ||
| 942 | |c BK | ||
| 945 | |d 20170527 00:32:00 |a dcastane | ||
| 260 | |a Madrid |b Alianza |c 2008 | ||
| 650 | 7 | |a TEORIA POLITICA |2 CL-VaPUC |9 592336 | |
| 650 | 0 | |a Ciencias Políticas |9 255201 | |
| 583 | |a last modification |c 20170527 00:32:00 |k Rodrigo Vera | ||
| 490 | 0 | |a Ciencias Sociales, 3442 | |
| 999 | |c 368122 |d 368120 | ||
| 952 | |0 0 |1 0 |3 erb |4 0 |6 320_000000000000000_COR_2008 |7 0 |8 A |9 483384 |a BIBEDU |b BIBEDU |i 5377498 |o 320 COR 2008 |p 5377498 |r 2019-11-24 |w 2019-11-24 |y BK |z Catalogado en:20170527 |k FIL | ||